| 000 | 00366nam a2200145Ia 4500 | ||
|---|---|---|---|
| 008 | 150201s2009 xx 000 0 und d | ||
| 082 |
_a615.845 _bE2009R |
||
| 100 | _aROBERTSON,VAL | ||
| 245 | _aELECTROTHERAPY EXPLAINED: PRINCIPLES & PRACTICE | ||
| 250 | _a4TH | ||
| 260 |
_bELSEVIER _aDELHI _c2009 |
||
| 300 | _a1-554 | ||
| 650 | _aPHYSIOTHERAPY | ||
| 942 |
_2ddc _cBK |
||
| 999 |
_c4246 _d4246 |
||